5 Seconds of Summer (5SOS) - istillfeelthesame - All lyrics - Statistics

General Stats
  • This quiz has been taken 89 times
  • The average score is 169 of 193
Answer Stats
Answer % Correct
feel
100%
I
100%
me
100%
no
100%
same
100%
still
100%
the
100%
you
100%
You
100%
your
100%
Your
100%
beating
98%
different
98%
(Do-do-do-do)
98%
heart's
98%
in
98%
it
98%
like
98%
mean
98%
not
98%
changed
95%
eye
95%
I'm
95%
nothing's
95%
kiss
93%
Kiss
93%
my
93%
Tell
93%
when
90%
face,
88%
Go
88%
is
88%
love
88%
say
88%
See
88%
see
88%
Show
88%
to
88%
drive
86%
we
86%
and
83%
bleedin'
83%
Everything
83%
Eyes
83%
eyes
83%
are
81%
away
81%
losin'
81%
tryin'
81%
Tryin'
81%
die
79%
meaning
79%
neck
79%
neck,
79%
slip
79%
we’re
79%
gonna
76%
lean
76%
sleep
76%
sleep,
76%
bein',
74%
felt
74%
Got
74%
hair
74%
stare
71%
human
69%
while
69%
know
67%
down
60%
Takin'
60%
or
57%
would
57%
Talkin'
55%
get
52%
How
52%
Only
52%
remember
52%
ask
50%
things
50%
can
48%
car
48%
dress
48%
much
45%
take?
45%
with
45%
zip
45%
apartment
43%
Leavin'
43%
mascara
33%
running
33%
No matching quizzes found
Score Distribution
Percent of People with Each Score
Percentile by Number Answered
Your Score History
You have not taken this quiz